Publications on the geology and mineral resources of Virginia, (Record no. 27865)
[ view plain ]
| 000 -LEADER | |
|---|---|
| fixed length control field | 00963cam a22002531 4500 |
| 001 - CONTROL NUMBER | |
| control field | gs 43000004 |
| 003 - CONTROL NUMBER IDENTIFIER | |
| control field | DLC |
| 005 - DATE AND TIME OF LATEST TRANSACTION | |
| control field | 20260227111348.0 |
| 008 - FIXED-LENGTH DATA ELEMENTS--GENERAL INFORMATION | |
| fixed length control field | 800311s1942 vauab b s001 0 eng c |
| 010 ## - LIBRARY OF CONGRESS CONTROL NUMBER | |
| LC control number | gs 43000004 |
| 035 ## - SYSTEM CONTROL NUMBER | |
| System control number | (OCoLC)6068623 |
| 040 ## - CATALOGING SOURCE | |
| Original cataloging agency | U.S. Geol. survey |
| Transcribing agency | TxDaME |
| Modifying agency | DLC |
| 042 ## - AUTHENTICATION CODE | |
| Authentication code | premarc |
| 043 ## - GEOGRAPHIC AREA CODE | |
| Geographic area code | n-us-va |
| 050 00 - LIBRARY OF CONGRESS CALL NUMBER | |
| Classification number | QE173 |
| Item number | .A38 no. 2 |
| 100 1# - MAIN ENTRY--PERSONAL NAME | |
| Personal name | Bevan, Arthur Charles, |
| Dates associated with a name | 1888-1968. |
| 245 10 - TITLE STATEMENT | |
| Title | Publications on the geology and mineral resources of Virginia, |
| Statement of responsibility, etc. | by Arthur Bevan. |
| 260 ## - PUBLICATION, DISTRIBUTION, ETC. | |
| Place of publication, distribution, etc. | University, Va., |
| Date of publication, distribution, etc. | 1942. |
| 300 ## - PHYSICAL DESCRIPTION | |
| Extent | vii, [1], 57 p. |
| Other physical details | front., illus. (incl. diagr.) fold. map |
| Dimensions | 23 cm. |
| 490 0# - SERIES STATEMENT | |
| Series statement | Virginia. Geological Survey. Circular 2 |
| 500 ## - GENERAL NOTE | |
| General note | At head of title: Commonwealth of Virginia. Virginia Conservation Commission. Virginia Geological Survey. Arthur Bevan, state geologist. |
| 650 #0 - SUBJECT ADDED ENTRY--TOPICAL TERM | |
| Topical term or geographic name entry element | Geology |
| Geographic subdivision | Virginia |
| Form subdivision | Bibliography. |
| 650 #0 - SUBJECT ADDED ENTRY--TOPICAL TERM | |
| Topical term or geographic name entry element | Mines and mineral resources |
| Geographic subdivision | Virginia |
| Form subdivision | Bibliography. |
No items available.